00370 a2200109 4500001001000000005001700010008004100027245008100068100002600149773006800175999001700243ART_4565420260410161808.0260409a 10aOponibilidad del boleto de compraventa de inmuebles en el concurso o quiebra1 aArduino, Augusto H.L.0 tDoctrina Societaria y Concursalg- NÂș 363 (feb. 2018)wREV4298 c21217d21217